| 000 | 00917cam a2200229 a 4500 | ||
|---|---|---|---|
| 001 | 12764713 | ||
| 005 | 20250519113911.0 | ||
| 008 | 020506s2003 at b 001 0 eng | ||
| 020 | _a0324113641 | ||
| 050 | 0 | 0 |
_aHB139 _b.W665 2003 |
| 082 | 0 | 0 |
_a330/.01/5195 _221 |
| 100 | 1 |
_aWooldridge, Jeffrey M., _d1960- |
|
| 245 | 1 | 0 |
_aIntroductory econometrics : _ba modern approach / _cJeffrey M. Wooldridge. |
| 250 | _a2nd ed. | ||
| 260 |
_aAustralia ; _aCincinnati, Ohio : _bSouth-Western College Pub., _cc2003. |
||
| 300 |
_axxvii, 863 p. ; _c24 cm. |
||
| 650 | 0 | _aEconometrics. | |
| 856 | 4 | 2 |
_3Contributor biographical information _uhttp://www.loc.gov/catdir/enhancements/fy1514/2002070585-b.html |
| 856 | 4 | 2 |
_3Publisher description _uhttp://www.loc.gov/catdir/enhancements/fy1514/2002070585-d.html |
| 856 | 4 | 1 |
_3Table of contents only _uhttp://www.loc.gov/catdir/enhancements/fy1514/2002070585-t.html |
| 942 |
_2lcc _cBK _n0 |
||
| 999 |
_c5842 _d5842 |
||